[Event "ESP-ch U18"]
[Site "Salobrena"]
[Date "2023.08.03"]
[Round "6"]
[White "Aguado Doncel, Pablo Luis"]
[Black "Lopez Garcia, Inigo"]
[Result "1-0"]
[WhiteElo "2028"]
[BlackElo "1660"]
[PlyCount "67"]
[EventDate "2023.07.31"]
[EventType "swiss"]
[EventRounds "9"]
[EventCountry "ESP"]
[SourceTitle "CBM 215 Extra"]
[Source "ChessBase"]
[SourceDate "2023.09.30"]
[SourceVersion "1"]
[SourceVersionDate "2023.09.30"]
[SourceQuality "1"]

1. d4 d5 2. c4 e6 3. Nc3 Be7 4. cxd5 exd5 5. Bf4 c6 6. e3 Bf5 7. g4 Be6 8. Bd3 Nd7 9. h3 Bf6 10. Nge2 h5 11. gxh5 Rxh5 12. Qc2 Rxh3 13. 0-0-0 Rxh1 14. Rxh1 Qa5 15. e4 0-0-0 16. Nb5 Be7 17. a3 Nb6 18. Nec3 Kd7 19. exd5 Nxd5 20. Nxd5 Bxd5 21. Bc7 b6 22. b4 Bxb4 23. Bf5+ Be6 24. Bxe6+ fxe6 25. Bxd8 Kxd8 26. axb4 Qxb5 27. Rh8 Qxb4 28. Rxg8+ Ke7 29. Rxg7+ Kf8 30. Rxa7 Qe1+ 31. Kb2 Qb4+ 32. Ka2 Qxd4 33. Ra8+ Ke7 34. Qh7+ 1-0

[Event "ESP-ch U18"]
[Site "Salobrena"]
[Date "2023.08.02"]
[Round "4"]
[White "Lopez Garcia, Inigo"]
[Black "Alvarez Etxarri, Aimar"]
[Result "0-1"]
[WhiteElo "1660"]
[BlackElo "2034"]
[PlyCount "92"]
[EventDate "2023.07.31"]
[EventType "swiss"]
[EventRounds "9"]
[EventCountry "ESP"]
[SourceTitle "CBM 215 Extra"]
[Source "ChessBase"]
[SourceDate "2023.09.30"]
[SourceVersion "1"]
[SourceVersionDate "2023.09.30"]
[SourceQuality "1"]

1. e4 d6 2. d4 Nf6 3. Nc3 e5 4. Nf3 Nbd7 5. Bc4 Be7 6. a4 0-0 7. a5 c6 8. 0-0 Qc7 9. h3 h6 10. Bd3 Re8 11. Be3 Nf8 12. Ne2 Ng6 13. Qd2 Bf8 14. Ng3 Bd7 15. c3 b5 16. axb6 axb6 17. Rfc1 b5 18. b4 Qb7 19. dxe5 dxe5 20. Qb2 Nf4 21. Nxe5 Nxh3+ 22. gxh3 Rxe5 23. Rxa8 Qxa8 24. Ra1 Qe8 25. Bd4 Rg5 26. Be3 Nxe4 27. Bxe4 Rxg3+ 28. fxg3 Qxe4 29. Qf2 Bd6 30. Re1 Qg6 31. Bf4 Bxf4 32. Qxf4 Bxh3 33. Re8+ Kh7 34. Re1 Be6 35. Qe3 Bd5 36. Qe5 Qc2 37. Re2 Qd1+ 38. Kf2 Qh1 39. Ke3 Bc4 40. Kd2 Qa1 41. Ke3 Qa7+ 42. Kf3 Bxe2+ 43. Kxe2 Qd7 44. Kf3 Kg6 45. Kf4 Qd2+ 46. Kg4 Qg5+ 0-1

[Event "ESP-ch U16 rapid"]
[Site "Salobrena"]
[Date "2023.07.30"]
[Round "5"]
[White "Lopez Garcia, Inigo"]
[Black "Jimenez Carrazoni, Javier"]
[Result "0-1"]
[WhiteElo "1568"]
[BlackElo "1833"]
[PlyCount "96"]
[EventDate "2023.07.29"]
[EventType "swiss (rapid)"]
[EventRounds "9"]
[EventCountry "ESP"]
[SourceTitle "EXT 2024"]
[Source "ChessBase"]
[SourceDate "2023.10.10"]
[SourceVersion "1"]
[SourceVersionDate "2023.10.10"]
[SourceQuality "1"]

1. e4 c5 2. c3 Nf6 3. e5 Nd5 4. Nf3 Nc6 5. d4 cxd4 6. cxd4 d6 7. Bc4 dxe5 8. dxe5 Ndb4 9. Qxd8+ Nxd8 10. Na3 Be6 11. 0-0 Bxc4 12. Nxc4 g6 13. Bd2 Nbc6 14. Bc3 Bg7 15. Rfe1 0-0 16. Rad1 b5 17. Na5 b4 18. Nxc6 Nxc6 19. Bd4 Nxd4 20. Rxd4 Rfd8 21. Red1 Rxd4 22. Rxd4 a5 23. Rd7 Kf8 24. Rc7 h6 25. Kf1 g5 26. h3 Ke8 27. Ke2 Kd8 28. Rc5 Kd7 29. Kd3 e6 30. Kc4 Bf8 31. Rb5 a4 32. Rb7+ Ke8 33. Kd3 Bc5 34. Rb5 Be7 35. Nd4 Rc8 36. Ra5 a3 37. bxa3 bxa3 38. Nb5 Rc5 39. Ra8+ Kd7 40. Nxa3 Rxe5 41. Ra7+ Ke8 42. Nc4 Rd5+ 43. Ke3 Bc5+ 44. Ke2 Bxa7 45. a4 Kd7 46. Na3 Bb6 47. Nc4 Kc6 48. a5 Bxa5 0-1

[Event "ESP-ch U16 rapid"]
[Site "Salobrena"]
[Date "2023.07.30"]
[Round "9"]
[White "Romeu Viladot, Emili"]
[Black "Lopez Garcia, Inigo"]
[Result "1-0"]
[WhiteElo "1801"]
[BlackElo "1568"]
[PlyCount "71"]
[EventDate "2023.07.29"]
[EventType "swiss (rapid)"]
[EventRounds "9"]
[EventCountry "ESP"]
[SourceTitle "EXT 2024"]
[Source "ChessBase"]
[SourceDate "2023.10.10"]
[SourceVersion "1"]
[SourceVersionDate "2023.10.10"]
[SourceQuality "1"]

1. f3 d5 2. Kf2 e5 3. g3 Nf6 4. Bg2 Bc5+ 5. e3 e4 6. d4 exd3 7. cxd3 0-0 8. d4 Bb6 9. Ne2 Be6 10. Nbc3 Qd7 11. Nf4 c5 12. dxc5 Bxc5 13. Nd3 Bb6 14. Re1 d4 15. exd4 Bxd4+ 16. Be3 Rd8 17. Bf1 Nc6 18. Qd2 Bh3 19. Rad1 Bxf1 20. Kxf1 Qf5 21. Kg2 Rac8 22. Bxd4 Nxd4 23. Qf4 Qg6 24. Ne5 Qc2+ 25. Rd2 Ne6 26. Rxc2 Nxf4+ 27. gxf4 Nd5 28. Kg3 f6 29. Ng4 Nb4 30. Rce2 Nd3 31. Rd1 Nb4 32. Rxd8+ Rxd8 33. Re7 Rd2 34. Rxb7 Nd3 35. Rd7 Rxb2 36. a3 1-0

[Event "ESP-ch U14"]
[Site "Salobrena"]
[Date "2021.07.15"]
[Round "6"]
[White "Lopez Garcia, Inigo"]
[Black "Perez Sousa, Xabier"]
[Result "0-1"]
[WhiteElo "1472"]
[BlackElo "1663"]
[PlyCount "90"]
[EventDate "2021.07.12"]
[EventType "swiss"]
[EventRounds "9"]
[EventCountry "ESP"]
[SourceTitle "EXT 2022"]
[Source "ChessBase"]
[SourceDate "2021.10.06"]
[SourceVersion "1"]
[SourceVersionDate "2021.10.06"]
[SourceQuality "1"]

1. e4 c5 2. c3 g6 3. Nf3 Bg7 4. d4 cxd4 5. cxd4 d5 6. e5 Bg4 7. Bb5+ Nd7 8. h3 Bxf3 9. Qxf3 e6 10. Nc3 a6 11. Bxd7+ Qxd7 12. 0-0 Ne7 13. Bg5 0-0 14. Rfd1 Rac8 15. Rac1 Nc6 16. Na4 Nxe5 17. dxe5 Qxa4 18. Bf6 Rc2 19. h4 Rfc8 20. Rxc2 Qxc2 21. g4 Qxb2 22. h5 Qc3 23. Rd3 Qe1+ 24. Kh2 Rc2 25. Kg2 Rc1 26. Bxg7 Qh1+ 27. Kg3 Rg1+ 28. Kf4 Qxf3+ 29. Kxf3 Kxg7 30. hxg6 hxg6 31. Rb3 Ra1 32. a3 g5 33. Ke3 b5 34. Kd4 Rc1 35. f3 Rc4+ 36. Kd3 f6 37. exf6+ Kxf6 38. Rb1 Ra4 39. Rb3 Ke5 40. Ke3 d4+ 41. Kd3 Rc4 42. Rb1 Rc3+ 43. Kd2 Rxf3 44. a4 bxa4 45. Ra1 a3 0-1

[Event "ESP-ch U14"]
[Site "Salobrena"]
[Date "2021.07.14"]
[Round "5"]
[White "Martino Girones, Gonzalo"]
[Black "Lopez Garcia, Inigo"]
[Result "1/2-1/2"]
[WhiteElo "1639"]
[BlackElo "1472"]
[PlyCount "68"]
[EventDate "2021.07.12"]
[EventType "swiss"]
[EventRounds "9"]
[EventCountry "ESP"]
[SourceTitle "EXT 2022"]
[Source "ChessBase"]
[SourceDate "2021.10.06"]
[SourceVersion "1"]
[SourceVersionDate "2021.10.06"]
[SourceQuality "1"]

1. d4 Nf6 2. Nf3 d5 3. e3 e6 4. Bd3 Nbd7 5. Nbd2 b6 6. e4 dxe4 7. Nxe4 Bb7 8. Qe2 Be7 9. 0-0 0-0 10. c3 c5 11. Re1 cxd4 12. Nxd4 Nc5 13. Nxc5 Bxc5 14. Be3 e5 15. Nc2 Qd5 16. f3 e4 17. fxe4 Nxe4 18. Bxe4 Qxe4 19. Bxc5 Qxe2 20. Rxe2 bxc5 21. Rae1 f5 22. Na1 f4 23. Rf2 Bd5 24. Nb3 Bxb3 25. axb3 Rab8 26. Re7 Rxb3 27. Rxa7 g5 28. Rc7 Rb5 29. Rd2 Rf7 30. Rxf7 Kxf7 31. Rd5 h6 32. b4 Ke6 33. Rxc5 Rxc5 34. bxc5 Kd5 1/2-1/2

[Event "ESP-ch U14"]
[Site "Salobrena"]
[Date "2020.08.07"]
[Round "8"]
[White "Lopez Garcia, Inigo"]
[Black "Candela Martin, Diego"]
[Result "1-0"]
[WhiteElo "1572"]
[BlackElo "1524"]
[PlyCount "41"]
[EventDate "2020.08.03"]
[EventType "swiss"]
[EventRounds "9"]
[EventCountry "ESP"]
[SourceTitle "EXT 2021"]
[Source "ChessBase"]
[SourceDate "2020.10.23"]
[SourceVersion "1"]
[SourceVersionDate "2020.10.23"]
[SourceQuality "1"]

1. e4 e5 2. Nf3 Nc6 3. d4 exd4 4. Nxd4 Bb4+ 5. c3 Bc5 6. Be3 Bb6 7. Nf5 Qf6 8. Na3 Nge7 9. Bxb6 axb6 10. Nb5 Kd8 11. Nxe7 Qxe7 12. Bd3 d6 13. 0-0 Bd7 14. Nd4 Rf8 15. Re1 Qh4 16. Nf3 Qg4 17. e5 dxe5 18. Nxe5 Nxe5 19. Rxe5 Qxd1+ 20. Rxd1 Rxa2 21. Bf5 1-0

[Event "ESP-ch U14"]
[Site "Salobrena"]
[Date "2020.08.05"]
[Round "4"]
[White "Lopez Garcia, Inigo"]
[Black "Sanchez Aguilar, Arnau"]
[Result "0-1"]
[WhiteElo "1572"]
[BlackElo "1736"]
[PlyCount "78"]
[EventDate "2020.08.03"]
[EventType "swiss"]
[EventRounds "9"]
[EventCountry "ESP"]
[SourceTitle "EXT 2021"]
[Source "ChessBase"]
[SourceDate "2020.10.23"]
[SourceVersion "1"]
[SourceVersionDate "2020.10.23"]
[SourceQuality "1"]

1. e4 e5 2. Nf3 Nc6 3. d4 exd4 4. Nxd4 Bc5 5. Nb3 Bb6 6. Qe2 a5 7. a4 Nf6 8. e5 Nd5 9. c4 Ndb4 10. Nc3 0-0 11. Nd5 Nxe5 12. Nxb4 axb4 13. c5 Ba7 14. g3 Re8 15. Be3 d6 16. Bg2 dxc5 17. 0-0 Be6 18. Nd2 Bd5 19. Rfd1 Bxg2 20. Kxg2 Qd3 21. Qxd3 Nxd3 22. Nc4 Rad8 23. Rd2 c6 24. Rad1 b5 25. Na5 Bb6 26. Nb3 Rxe3 27. fxe3 c4 28. Nc1 Bxe3 29. Nxd3 Bxd2 30. Nxb4 bxa4 31. Nxc6 Rd6 32. Ne5 Bb4 33. Rxd6 Bxd6 34. Nxc4 Bc5 35. Kf3 Bd4 36. Ke4 Bxb2 37. Kd3 a3 38. Kc2 h5 39. Nxb2 a2 0-1

[Event "Benidorm Next Generation U12/U14 15th"]
[Site "Benidorm"]
[Date "2019.12.01"]
[Round "4.7"]
[White "Camacho Marin, Rafael"]
[Black "Lopez Garcia, Inigo"]
[Result "0-1"]
[WhiteElo "1370"]
[BlackElo "1452"]
[PlyCount "64"]
[EventDate "2019.11.29"]
[EventType "swiss"]
[EventRounds "6"]
[EventCountry "ESP"]
[SourceTitle "EXT 2024"]
[Source "ChessBase"]
[SourceDate "2023.10.10"]
[SourceVersion "1"]
[SourceVersionDate "2023.10.10"]
[SourceQuality "1"]

1. e4 e6 2. d3 d5 3. Nd2 Nf6 4. exd5 exd5 5. Ngf3 Be7 6. g3 Bg4 7. Bg2 Qd7 8. 0-0 0-0 9. Re1 c5 10. Nf1 Nc6 11. Bf4 Bh3 12. Ne3 d4 13. Nc4 Nd5 14. Nce5 Qc8 15. Nxc6 bxc6 16. Bd2 Bf6 17. Qc1 Qf5 18. Bg5 Rfe8 19. Bxf6 Nxf6 20. Nh4 Qg4 21. Bxc6 Rxe1+ 22. Qxe1 Rd8 23. Qe7 Rf8 24. Re1 Qc8 25. Qxc5 Bd7 26. Qxd4 Qxc6 27. c3 g5 28. Ng2 Bh3 29. Ne3 Ng4 30. Re2 Nxe3 31. fxe3 Qf3 32. Qe5 Qf1# 0-1